Tate McRae - songs synonyms - Statistics

General Stats
  • This quiz has been taken 601 times
  • The average score is 7 of 10
Answer Stats
Hint Answer % Correct
athletic vehicule sports car
96%
10 fingers 2 hands
90%
change hairstyle cut my hair
88%
initially you shattered myself you broke me first
78%
race towards these uplands run for the hills
71%
I recognize affection i know love
65%
whirling gate revolving door
62%
which trouble is yours ? what's your problem ?
48%
old lovers exes
43%
condemnable mind guilty conscience
25%
No matching quizzes found
Score Distribution
Percent of People with Each Score
Percentile by Number Answered
Your Score History
You have not taken this quiz